[Event "NATO-ch 26th"]
[Site "Amsterdam"]
[Date "2015.07.06"]
[Round "1.5"]
[White "Felix, Carlos"]
[Black "Ludden, Gert Jan"]
[Result "0-1"]
[WhiteElo "1743"]
[BlackElo "2279"]
[PlyCount "96"]
[EventDate "2015.07.06"]
[EventType "swiss"]
[EventRounds "7"]
[EventCountry "NED"]
[SourceTitle "EXT 2016"]
[Source "ChessBase"]
[SourceDate "2015.10.08"]
[SourceVersion "1"]
[SourceVersionDate "2015.10.08"]
[SourceQuality "1"]
[WhiteTeam "Canada"]
[BlackTeam "Netherlands"]
[WhiteTeamCountry "CAN"]
[BlackTeamCountry "NED"]

1. e4 c6 2. d4 d5 3. e5 Bf5 4. h4 h5 5. c4 dxc4 6. Bxc4 e6 7. Nc3 Ne7 8. Bg5 Nd7 9. Nf3 Nb6 10. Bb3 Qd7 11. 0-0 Bg4 12. Bc2 Nf5 13. Bxf5 Bxf5 14. Qd2 Be7 15. Bxe7 Qxe7 16. Ng5 0-0 17. Qe2 Bg6 18. Nce4 Rad8 19. Rad1 f6 20. Nf3 Nd5 21. Nc5 Bf5 22. Nd2 Nf4 23. Qe3 Rxd4 24. g3 Nh3+ 25. Kg2 Qxc5 26. Nf3 Rd5 27. Qxc5 Rxc5 28. Nd4 Bg4 29. f3 fxe5 30. fxg4 Rxf1 31. Rxf1 exd4 32. Kxh3 hxg4+ 33. Kxg4 d3 34. Rd1 Rd5 35. Kf4 c5 36. b3 b5 37. Ke3 c4 38. Kd2 Rd4 39. Kc3 Rg4 40. bxc4 bxc4 41. Re1 Kf7 42. Re3 Ke7 43. a3 g6 44. Rf3 e5 45. Re3 Ke6 46. Rf3 e4 47. Rf8 Rxg3 48. Re8+ Kf5 0-1

[Event "Boavista-ch 3rd"]
[Site "Lisbon"]
[Date "2004.04.10"]
[Round "7"]
[White "Ribeiro, Duarte"]
[Black "Felix, Carlos"]
[Result "0-1"]
[WhiteElo "2057"]
[BlackElo "1890"]
[PlyCount "72"]
[EventDate "2004.04.05"]
[EventType "swiss"]
[EventRounds "9"]
[EventCountry "POR"]
[SourceTitle "EXT 2005"]
[Source "ChessBase"]
[SourceDate "2004.11.15"]
[SourceVersion "1"]
[SourceVersionDate "2004.11.15"]
[SourceQuality "1"]

1. e4 d6 2. d4 Nf6 3. Nc3 g6 4. f4 Bg7 5. Nf3 c6 6. Bd3 0-0 7. e5 Nd5 8. Ne2 Nb4 9. Bc4 Bf5 10. Bb3 dxe5 11. fxe5 N8a6 12. a3 Nd5 13. c4 Nb6 14. Be3 Nc7 15. 0-0 Nd7 16. Qd2 b5 17. Nh4 Bg4 18. cxb5 cxb5 19. Nc3 Nb6 20. h3 Bc8 21. Rad1 Nbd5 22. Bg5 Be6 23. Ne4 Nb6 24. Bxe6 Nxe6 25. Qb4 Nxg5 26. Nxg5 Nd5 27. Qe1 e6 28. Nhf3 Rc8 29. Ne4 Rc2 30. Rd2 Qc7 31. Qh4 Rxd2 32. Nfxd2 Qe7 33. Qxe7 Nxe7 34. Nd6 a6 35. N2e4 Nf5 36. Nc5 Nxd6 0-1

[Event "Boavista-ch 3rd"]
[Site "Lisbon"]
[Date "2004.04.09"]
[Round "5"]
[White "Leite, Samuel"]
[Black "Felix, Carlos"]
[Result "1-0"]
[WhiteElo "1802"]
[BlackElo "1890"]
[PlyCount "67"]
[EventDate "2004.04.05"]
[EventType "swiss"]
[EventRounds "9"]
[EventCountry "POR"]
[SourceTitle "EXT 2005"]
[Source "ChessBase"]
[SourceDate "2004.11.15"]
[SourceVersion "1"]
[SourceVersionDate "2004.11.15"]
[SourceQuality "1"]

1. e4 c5 2. Nc3 d6 3. f4 Nc6 4. Nf3 Nf6 5. Be2 e6 6. 0-0 Be7 7. d3 0-0 8. h3 Rb8 9. a3 b5 10. Qe1 b4 11. Nd1 a5 12. b3 Qc7 13. Ne3 Nd7 14. Bb2 Bf6 15. Bxf6 Nxf6 16. g4 Nd4 17. Qf2 Nxf3+ 18. Bxf3 Bd7 19. a4 Ne8 20. f5 exf5 21. gxf5 Bc6 22. Kh1 Qe7 23. Rg1 Kh8 24. Raf1 g6 25. Bd1 Qf6 26. fxg6 fxg6 27. Qg3 Qe7 28. Rxf8+ Qxf8 29. Rf1 Qe7 30. Nc4 Ra8 31. Qf4 Kg7 32. Kg1 Bd7 33. Nb6 Bxh3 34. Nd5 1-0

[Event "Porto district-ch"]
[Site "Porto"]
[Date "2004.??.??"]
[Round "?"]
[White "Felix, Carlos"]
[Black "Araujo, Jose Verissimo"]
[Result "1-0"]
[WhiteElo "1890"]
[BlackElo "1970"]
[PlyCount "143"]
[EventDate "2004.??.??"]
[EventType "swiss"]
[EventRounds "9"]
[EventCountry "POR"]
[SourceTitle "EXT 2007"]
[Source "ChessBase"]
[SourceDate "2006.11.23"]
[SourceVersion "1"]
[SourceVersionDate "2006.11.23"]
[SourceQuality "1"]

1. d4 Nf6 2. Bg5 d6 3. Nc3 Nbd7 4. Qd2 g6 5. Nf3 c6 6. Bh6 Bxh6 7. Qxh6 Qa5 8. Qd2 b5 9. Ne4 Qb6 10. Nxf6+ Nxf6 11. e3 Ne4 12. Qd3 Bf5 13. Qb3 0-0 14. Be2 Bg4 15. c3 Be6 16. Qc2 d5 17. 0-0 Nd6 18. Ne5 Qc7 19. a4 a6 20. b4 Ra7 21. Ra2 Nc4 22. Nxc4 bxc4 23. Bf3 Rb8 24. Rb1 Rab7 25. Rab2 Kg7 26. a5 Qd6 27. Qe2 f6 28. e4 dxe4 29. Bxe4 Bd5 30. Bxd5 cxd5 31. Re1 e5 32. dxe5 fxe5 33. Qxe5+ Qxe5 34. Rxe5 d4 35. cxd4 c3 36. Rc2 Rxb4 37. g3 Rc4 38. Rc5 Rc8 39. Rxc8 Rxc8 40. Kf1 Rc4 41. Ke2 Rxd4 42. Rxc3 Rd5 43. Ra3 Kf6 44. Ke3 Ke6 45. f4 Kf5 46. Kf3 h5 47. h3 Rb5 48. g4+ hxg4+ 49. hxg4+ Kf6 50. Ke4 Rb4+ 51. Kf3 Rb5 52. Ke4 Ke7 53. f5 g5 54. Ra4 Kf6 55. Kd4 Re5 56. Ra1 Rb5 57. Ra4 Ke7 58. Ke4 Rb3 59. Kd5 Rf3 60. Re4+ Kf7 61. Re6 Rf4 62. Rxa6 Rxg4 63. Ke5 Ke8 64. Kf6 Rg1 65. Ra8+ Kd7 66. a6 Kc6 67. Kg6 g4 68. f6 g3 69. Rc8+ Kb6 70. Rc2 Rf1 71. Rg2 Kxa6 72. f7 1-0

[Event "GXP Serie-B 2nd"]
[Site "Portugal"]
[Date "2004.??.??"]
[Round "7"]
[White "Felix, Carlos"]
[Black "Ferreira, Paulo"]
[Result "1-0"]
[WhiteElo "1915"]
[BlackElo "2135"]
[PlyCount "58"]
[EventDate "2004.??.??"]
[EventType "tourn"]
[EventRounds "9"]
[EventCountry "POR"]
[SourceTitle "EXT 2007"]
[Source "ChessBase"]
[SourceDate "2006.11.23"]
[SourceVersion "1"]
[SourceVersionDate "2006.11.23"]
[SourceQuality "1"]

1. d4 Nf6 2. Nf3 g6 3. Bf4 Bg7 4. e3 d6 5. Be2 0-0 6. h4 Bg4 7. Ng5 Bxe2 8. Qxe2 h6 9. Nf3 c5 10. Nc3 cxd4 11. exd4 Nbd7 12. 0-0-0 Nb6 13. g4 Rc8 14. h5 Nc4 15. hxg6 Qb6 16. b3 Na3 17. gxf7+ Rxf7 18. Rd3 Qa5 19. Kb2 Nd5 20. Bd2 Nb4 21. Re3 Naxc2 22. Rxe7 Qa3+ 23. Kb1 Nxd4 24. Nxd4 Bxd4 25. Qe6 Rcf8 26. Qg6+ Bg7 27. Rxf7 Rxf7 28. Bxh6 Nd3 29. Qxd3 Be5 1-0

[Event "GXP Serie-B 2nd"]
[Site "Portugal"]
[Date "2004.??.??"]
[Round "5"]
[White "Felix, Carlos"]
[Black "Moreira, Jose Americo Paiva"]
[Result "0-1"]
[WhiteElo "1915"]
[BlackElo "1800"]
[PlyCount "135"]
[EventDate "2004.??.??"]
[EventType "tourn"]
[EventRounds "9"]
[EventCountry "POR"]
[SourceTitle "EXT 2007"]
[Source "ChessBase"]
[SourceDate "2006.11.23"]
[SourceVersion "1"]
[SourceVersionDate "2006.11.23"]
[SourceQuality "1"]

1. d4 c5 2. d5 e5 3. c4 d6 4. e4 g6 5. Nc3 Bh6 6. Bxh6 Nxh6 7. Qd2 Ng8 8. Be2 a6 9. h4 h5 10. Nf3 Nd7 11. Ng5 Ndf6 12. f3 Bd7 13. 0-0 Nh7 14. f4 f6 15. Nxh7 Rxh7 16. f5 g5 17. hxg5 fxg5 18. f6 g4 19. Qg5 Kf7 20. Rf2 Qf8 21. Raf1 Qh6 22. Qh4 Qg6 23. a3 a5 24. Bd3 Nh6 25. Ne2 Rg8 26. Ng3 Qg5 27. Qxh5+ Qxh5 28. Nxh5 Nf5 29. exf5 Rxh5 30. g3 Rh3 31. Rg2 Kxf6 32. Kf2 Rg5 33. Ke3 Rhh5 34. Rgf2 Rh3 35. Rg2 Rhh5 36. Rgf2 Bxf5 37. Bxf5 Rxf5 38. Ke4 Rxf2 39. Rxf2+ Kg6 40. Rf8 Rh2 41. Rg8+ Kf7 42. Rxg4 Rxb2 43. Rh4 Rb3 44. g4 Rc3 45. Kf5 Rf3+ 46. Ke4 Rf4+ 47. Kd3 Rd4+ 48. Ke3 Rxc4 49. Rh7+ Ke8 50. Rxb7 Rxg4 51. Rb6 Kd7 52. Rb7+ Kc8 53. Rb6 Kc7 54. Rc6+ Kd7 55. Ra6 Rg3+ 56. Ke4 Rxa3 57. Ra7+ Kc8 58. Ra6 Kc7 59. Ra7+ Kb6 60. Rd7 Ra4+ 61. Ke3 c4 62. Rxd6+ Kc5 63. Rd8 c3 64. Rc8+ Kxd5 65. Rxc3 Rd4 66. Rc8 a4 67. Rb8 Kc5 68. Rb1 0-1

[Event "Porto district-ch"]
[Site "Porto"]
[Date "2004.??.??"]
[Round "?"]
[White "Felix, Carlos"]
[Black "Simoes, Joao1111"]
[Result "1-0"]
[WhiteElo "1890"]
[BlackElo "1987"]
[PlyCount "127"]
[EventDate "2004.??.??"]
[EventType "swiss"]
[EventRounds "9"]
[EventCountry "POR"]
[SourceTitle "EXT 2007"]
[Source "ChessBase"]
[SourceDate "2006.11.23"]
[SourceVersion "1"]
[SourceVersionDate "2006.11.23"]
[SourceQuality "1"]

1. d4 d5 2. Nf3 Nf6 3. Bf4 Bf5 4. e3 e6 5. Be2 Be7 6. Nc3 Nbd7 7. Ne5 Nxe5 8. dxe5 Ne4 9. Nxe4 Bxe4 10. f3 Bg6 11. Qd2 0-0 12. 0-0-0 Bg5 13. e4 Bxf4 14. Qxf4 c6 15. h4 h6 16. g4 f5 17. exf5 exf5 18. g5 h5 19. Rhe1 Qc7 20. Bf1 Rae8 21. Qd4 a6 22. f4 Re6 23. Re3 Bf7 24. Rc3 Rd8 25. a4 g6 26. b4 a5 27. b5 b6 28. Rxc6 Rxc6 29. bxc6 Qxc6 30. Bb5 Qc5 31. Qxc5 bxc5 32. c3 Kf8 33. Kc2 Ke7 34. Bc6 Be8 35. Bxe8 Kxe8 36. Rb1 d4 37. Rd1 Ke7 38. cxd4 cxd4 39. Kd3 Ke6 40. Rb1 Rd5 41. Rb6+ Kf7 42. Rb5 Ke6 43. Rb7 Rd8 44. Rg7 Rb8 45. Rxg6+ Ke7 46. Rd6 Rb3+ 47. Kxd4 Rb4+ 48. Ke3 Rxa4 49. g6 Ra3+ 50. Rd3 Ra1 51. Rb3 Rg1 52. g7 Kf7 53. Rb7+ Kg8 54. Kd4 a4 55. Rb8+ Kxg7 56. Kd5 Rd1+ 57. Ke6 Rd4 58. Kxf5 Kf7 59. Rb7+ Ke8 60. Ra7 Kd8 61. Kg5 Ke8 62. e6 Kd8 63. f5 Ke8 64. Kf6 1-0